000 00702nam a2200253Ia 4500
003 OSt
005 20221005042620.0
006 a|||||r|||| 00| 0
007 ta
008 221004b |||||||| |||| 00| 0 eng d
020 _a0792351533
024 _a35884
037 _cTextual
040 _aCRL
_cCRL
_beng
041 _2eng
_aeng
082 _aX80bG:5, N8
100 _aVellinga Pier Ed.
_9382613
245 0 _aManaging a material world
_b Perspectives in industrial ecology
260 _aDordrecht
_bKluwer Academic Publishers
_c1998
300 _a348p.
_ccm.
650 _aECONOMICS
942 _hX80bG:5, N8
_cTEXL
_2cc
999 _c950599
_d950599